Statystyki dla Największe miasta świata A-Z

Kliknij tutaj aby rozwiązać quiz!

Ogólne statystyki

  • Ten quiz został rozwiązany 7 353 razy
    (2 940 od ostatniego zresetowania)
  • Średni wynik to 9 z 26

Statystyki odpowiedzi

PopulacjaRegionAglomeracja% Poprawnych
T40,8 mlnAzja WschodniaTokio
86%
P20,9 mlnAzja WschodniaPekin
81%
N23,1 mlnAmeryka PółnocnaNowy Jork
79%
S40,0 mlnAzja WschodniaSzanghaj
60%
D33,4 mlnAzja PołudniowaDelhi
55%
R13,4 mlnAmeryka PołudniowaRio de Janeiro
55%
B20,5 mlnAzja Południowo-
Wschodnia
Bangkok
48%
L21,4 mlnAfrykaLagos
45%
J14,8 mlnAfrykaJohannesburg
40%
K67,8 mlnAzja WschodniaKanton
38%
F7,55 mlnAmeryka PółnocnaFiladelfia
37%
W11,8 mlnAzja WschodniaWuhan
37%
V3,03 mlnAmeryka PółnocnaVancouver
36%
M26,7 mlnAzja Południowo-
Wschodnia
Manila
35%
O17,7 mlnAzja WschodniaOsaka
33%
E1,40 mlnAmeryka PółnocnaEdmonton
20%
H13,5 mlnAzja Południowo-
Wschodnia
Ho Chi Minh
16%
G5,75 mlnAmeryka PółnocnaGuadalajara
13%
U4,73 mlnAzja WschodniaUrumczi
11%
C16,6 mlnAzja WschodniaChengdu
10%
X14,5 mlnAzja WschodniaXiamen
10%
Q7,25 mlnAzja WschodniaQingdao
9%
I3,92 mlnAfrykaIbadan
8%
A9,30 mlnAzja PołudniowaAhmadabad
7%
Z9,45 mlnAzja WschodniaZhengzhou
6%
Y2,47 mlnAzja WschodniaYiwu
3%

Rozkład punktacji

Percentyl według liczby udzielonych odpowiedzi

Procent ludzi z każdym wynikiem

Twoja historia wyników

Nie rozwiązałeś tego quizu od ostatniego zresetowania